| 000 | 00712nam a2200217 i 4500 | ||
|---|---|---|---|
| 001 | 130716 | ||
| 003 | ES-MaACL | ||
| 005 | 20250828025123.0 | ||
| 007 | t| | ||
| 008 | 070806s1973 sp ||||1| spa d | ||
| 100 | 1 |
_aZavalloni, Roberto. _9118111 |
|
| 245 | 1 | 0 |
_aIntroducción a la pedagogía especial / _cRoberto Zavalloni ; [versión de Antonio Martínez Riu]. |
| 260 |
_aBarcelona : _bHerder, _c1973. |
||
| 300 |
_a211 p. ; _c22 cm. |
||
| 490 | 1 |
_aBiblioteca de psicología ; _v13 |
|
| 650 | 1 | 7 |
_aEducación especial _2embne _912103 |
| 700 | 1 |
_aMartínez Riu, Antonio. _978364 |
|
| 830 | 0 |
_aBiblioteca de psicología ; _v13 _9180745 |
|
| 852 |
_aES-MaACL _jC-54327 _bR.87252 |
||
| 999 |
_c130716 _d130716 |
||